| 000 | 00318nam a2200133 a 4500 | ||
|---|---|---|---|
| 001 | 5201 | ||
| 003 | CDMR | ||
| 005 | 20130116135305.0 | ||
| 008 | 130130s1994||||||||||||||||||||||||||||d | ||
| 040 |
_aCDMR _bcat _cCPC GIRONA |
||
| 245 | 0 |
_aMarroquins a Catalunya _cVaris |
|
| 260 |
_c1994 _bEnciclopèdia catalana |
||
| 942 | _cMON | ||
| 999 |
_c5201 _d5201 |
||